Представление документа в формате MARC21

Поле Инд. ПП Название Значение
Тип записи a
Библиографический уровень m
001 Контрольный номер fc9e85081b2f42269e03ff49488363ed
005 Дата корректировки 20260522153611.4
040 a Служба первич. каталог. 10013504
b Код языка каталог. rus
e Правила каталог. PSBO
041 0_ a Код языка текста rus
090 a Полочн. индекс Дис.
x Авторский знак Ш 26
r Идентификатор организации 10013504
100 1_ a Автор Шаров М.В.
q Полное имя Шаров Михаил Владимирович
245 10 a Заглавие Об обработке магниевых сплавов в жидком состоянии
b Продолж. заглавия диссертация ... кандидата технических наук
c Ответственность МАТИ
260 a Место издания Москва
c Дата издания 1950
300 a Объем 192 с., 1 вкл.
b Иллюстрации/ тип воспроизводства ил.
504 a Библиография Библиогр.: с. 184-192 (73 назв.)
653 0_ a Ключевые слова ДИССЕРТАЦИИ; АВТОР МАТИ; МАГНИЕВЫЕ СПЛАВЫ
901 t Тип документа d
952 a Тип литературы для КСУ ВШ КДНР
c Вид литературы диссертация